00656 2200241 4500001002100000005001500021035002000036245007000056100002900126260004200155082001000197084001600207020002200223008004100245650001800286650001800304650001100322990001500333990001500348990001700363990001700380990001700397INLIS00000000000009720251118023059 a0010-11250000971 aBerkenalan dengan Pengolah Kata Writer /cBenedicta Rini Widiarti1 aWidiarti, Benedicta Rini aYogyakarta :bCitra Aji Parama,c2008 a005.3 a005.3 WID b a978-979-1464-34-5251118 g 0 ind  aIlmu Komputer aPengolah Kata aWriter a0057/TP/15 a0057/TP/15 a0057.2/TP/15 a0057.3/TP/15 a0057.4/TP/15